11 Supernovas of One Piece - Statistics

General Stats
  • This quiz has been taken 1,754 times
  • The average score is 10 of 12
Answer Stats
Answer % Correct
Monkey D Luffy
99%
Eustass Kid
98%
Trafalgar D Water Law
98%
Roronoa Zoro
95%
Killer
86%
Basil Hawkins
84%
Jewelry Bonney
84%
Capone Bege
83%
X Drake
82%
Scratchman Apoo
81%
Urouge
75%
Marshall D Teach
69%
No matching quizzes found
Score Distribution
Percent of People with Each Score
Percentile by Number Answered
Your Score History
You have not taken this quiz